Židle pro Štefana /

Hlavní autor: Šmaus, Martin, 1965-
Jazyk: Čeština
Vydáno: Brno : Host, 2008
Vydání: Vyd. 1.
Edice: Česká próza (Host)
Témata:
Externí odkaz: Digitalizovaný dokument
Fyzický popis: 173 s. ; 21 cm
Knihy
Uloženo v:
LEADER 01249cam a2200361 a 4500
001 nkc20081828271
003 CZ PrNK
005 20090505112235.0
007 ta
008 081201s2008 xr g 000 f cze d
015 |a cnb001828271 
020 |a 978-80-7294-280-0  |q (váz.) 
035 |a (OCoLC)320204433 
040 |a KLG001  |b cze  |d BOA001 
072 7 |a 821.162.3-3  |x Česká próza  |2 Konspekt  |9 25 
080 |a 821.162.3-32  |2 MRF 
080 |a (0:82-32)  |2 MRF 
100 1 |a Šmaus, Martin,  |d 1965-  |7 xx0036231  |4 aut 
245 1 0 |a Židle pro Štefana /  |c Martin Šmaus 
250 |a Vyd. 1. 
260 |a Brno :  |b Host,  |c 2008 
300 |a 173 s. ;  |c 21 cm 
490 1 |a Česká próza 
655 7 |a české novely  |7 fd133969  |2 czenas 
655 9 |a Czech novellas  |2 eczenas 
830 0 |a Česká próza (Host)  |0 s 
856 4 1 |u http://www.digitalniknihovna.cz/mzk/uuid/uuid:c9c32820-b8d2-11e3-b833-005056827e52  |y Digitalizovaný dokument  |x NDK 
910 2 |a BOA001  |b 2-1219.075 
990 |a BK 
995 |a 01 
991 |b 200902 
996 6 |b 2610367375  |c 2-1219.075  |l MZK  |r Sklad / do 1 hodiny  |n 2  |p p.v.  |w 000929435  |u 000010  |a 1  |e BOA001  |j MZK50  |s P 
996 7 |b 2610367376  |c 2-1219.075  |l MZK  |r Sklad / do 1 hodiny  |n 3  |p p.v.  |w 000929435  |u 000020  |a 1  |e BOA001  |j MZK50  |s A